000 00812nam a2200253Ia 4500
003 OSt
005 20221005031052.0
006 a|||||r|||| 00| 0
007 ta
008 221004b |||||||| |||| 00| 0 eng d
020 _a9780745619774 (pbk)
_c1407.35
024 _a87746
037 _b24810, 05/02/2008, Segment Book Distributors
_cTextual
040 _aCRL
_cCRL
_beng
041 _2eng
_aeng
082 _aR4xC67:g, P7
100 _aKnight Kelvin
_9434196
245 0 _aAristotelian philosophy
_b ethics and politics from Aristotle to Macintyre
260 _aCambridge
_bPolity Press UK
_c2007
300 _avii, 247p.
_ccm.
650 _aPHILOSOPHY
942 _hR4xC67:g, P7
_cTEXL
_2cc
999 _c937137
_d937137